College Quizbowl Stats
College Quizbowl Stats
Circuits
Seasons
Sets
Records
Detailed Stats
About
Loading...
2024 ARCADIA at BU
Tossups
Bonuses
Players
Teams
Categories (Tossup)
Categories (Bonus)
Nathaniel Martin
Brandeis B
Categories
Category
Powers
Gets
Negs
BBs
Points
Earliest Buzz
Avg. Buzz
First Buzzes
Top 3 Buzzes
Science - Chemistry
0
3
0
0
30
125
126.67
0
0
Science - Other Science
0
3
1
0
25
67
86.67
1
2
Science - Physics
0
3
2
0
20
92
104.33
0
2
Fine Arts - Other Arts
0
0
0
0
0
0.00
0
0
Science - Biology
0
0
0
0
0
0.00
0
0
Buzzes
Category
Answer
Value
Buzz Position
Science - Other Science
stars
10
67
Science - Other Science
expectation value
-5
67
Science - Other Science
hash tables
10
77
Science - Physics
compression
-5
88
Science - Physics
velocity
10
92
Science - Physics
nuclei
10
106
Science - Physics
impedance
-5
114
Science - Physics
fermions
10
115
Science - Chemistry
chair conformation
0
116
Science - Other Science
Laplacian
10
116
Previous
1
2
Next